LEADER 01184nam--2200409---450- 001 990000471550203316 005 20050426141820.0 011 $a0392-4440 035 $a0047155 035 $aUSA010047155 035 $a(ALEPH)000047155USA01 035 $a0047155 100 $a20010525h19851986km-y0itay0103----ba 101 $aita 102 $aIT 105 $a||||||||001yy 200 1 $aGiovanni Pastrone$fd Paolo Cherchi Usai 210 $aFirenze$cLa nuova Italia$d1985$h1986 215 $a142 p.$d17 cm 225 2 $aIl castoro cinema$v119 300 $aTit.in cop.: Pastore 410 $12001$aIl castoro cinema$v119 461 1$1001-------$12001 606 0 $aPastore, Giovanni 676 $a791.430230924 700 1$aCHERCHI USAI,$bPaolo$0528285 801 0$aIT$bsalbc$gISBD 912 $a990000471550203316 951 $aXIII.2. Coll. 3/ 49(XVI D COLL 1/119)$b139304 LM$cXVI D COLL 959 $aBK 969 $aUMA 979 $aPATTY$b90$c20010525$lUSA01$h1652 979 $c20020403$lUSA01$h1655 979 $aPATRY$b90$c20040406$lUSA01$h1633 979 $aCOPAT5$b90$c20050426$lUSA01$h1418 996 $aGiovanni Pastrone$9888793 997 $aUNISA